[Event "Latin Cup 5th"]
[Site "Duran"]
[Date "2014.12.26"]
[Round "1"]
[White "Villegas Reyes, Maria Jose"]
[Black "Vera Siguenas, Deivy Anthoni"]
[Result "0-1"]
[WhiteElo "1792"]
[BlackElo "2455"]
[PlyCount "62"]
[EventDate "2014.12.26"]
[EventType "swiss"]
[EventRounds "9"]
[EventCountry "ECU"]
[SourceTitle "CBM 164 Extra"]
[Source "ChessBase"]
[SourceDate "2015.03.02"]
[SourceVersion "1"]
[SourceVersionDate "2015.03.02"]
[SourceQuality "1"]

1. e4 c5 2. Nf3 d6 3. d4 cxd4 4. Nxd4 Nf6 5. Nc3 Nc6 6. Be2 g6 7. Be3 Bg7 8. h3 0-0 9. Qd2 Bd7 10. 0-0-0 Nxd4 11. Bxd4 b5 12. e5 dxe5 13. Bxe5 Bc6 14. Qe3 Qa5 15. Bf3 Bxf3 16. Qxf3 Rac8 17. Kb1 b4 18. Nd5 Qc5 19. Nxf6+ exf6 20. Bxf6 Qxc2+ 21. Ka1 Bxf6 22. Qxf6 b3 23. a3 Rc6 24. Qd4 Rfc8 25. Qf4 Rc4 26. Qe3 Re4 27. Qg5 Re2 28. Qf6 Rd2 29. Rde1 Rcd8 30. Rc1 Rd1 31. Qg5 R8d2 0-1

[Event "Pan American-ch U12 Girls 20th"]
[Site "Villa Carlos Paz"]
[Date "2008.07.04"]
[Round "7"]
[White "Romero, Daniela"]
[Black "Villegas Reyes, Maria Jose"]
[Result "1-0"]
[WhiteElo "2040"]
[BlackElo "1678"]
[PlyCount "53"]
[EventDate "2008.06.30"]
[EventType "swiss"]
[EventRounds "9"]
[EventCountry "ARG"]
[SourceTitle "EXT 2022"]
[Source "ChessBase"]
[SourceDate "2021.10.06"]
[SourceVersion "1"]
[SourceVersionDate "2021.10.06"]
[SourceQuality "1"]

1. e4 e5 2. Nf3 Nc6 3. Bb5 Bc5 4. 0-0 Nf6 5. c3 0-0 6. d3 d6 7. Bg5 Qe7 8. Re1 Bg4 9. Nbd2 a6 10. Ba4 Nd8 11. Nf1 Ne6 12. Be3 Bxe3 13. Nxe3 Bxf3 14. Qxf3 Nf4 15. Nf5 Qe6 16. g3 Nh3+ 17. Kg2 Ng5 18. Qe3 h6 19. h4 Ngh7 20. Rg1 Nd7 21. Bxd7 Qxd7 22. g4 d5 23. Kh2 Rac8 24. g5 h5 25. g6 fxg6 26. Rxg6 Nf6 27. f3 1-0